[Event "World Rapid 2021"]
[Site "Warsaw POL"]
[Date "2021.12.28"]
[Round "10.22"]
[White "Korobov, Anton"]
[Black "Sanal, Vahap"]
[Result "1/2-1/2"]
[WhiteTitle "GM"]
[BlackTitle "GM"]
[WhiteElo "2699"]
[BlackElo "2601"]
[WhiteFideId "14105730"]
[BlackFideId "6300545"]
[EventDate "2021.12.26"]

1. d4 Nf6 2. c4 c6 3. Nc3 d5 4. Nf3 e6 5. e3 Nbd7 6. Qc2 Bd6 7. Bd3 dxc4 8. Bxc4
b5 9. Be2 O-O 10. O-O Bb7 11. e4 e5 12. dxe5 Nxe5 13. Nh4 Bc8 14. f4 Bc5+ 15.
Kh1 Neg4 16. e5 Nf2+ 17. Rxf2 Bxf2 18. Nf3 Ne8 19. Bd3 g6 20. f5 Bb6 21. Bh6 Ng7
22. Bxg7 Kxg7 23. f6+ Kh8 24. Qd2 g5 25. Rd1 Rg8 26. Nxg5 Rxg5 27. Qxg5 Qg8 28.
Qh4 Be6 29. h3 Rd8 30. Ne4 Rd4 31. Bc2 Qg6 32. Rxd4 Bxd4 33. Qf4 Qf5 34. Qxf5
Bxf5 35. g4 Bg6 36. h4 Bxe5 37. h5 Bxe4+ 38. Bxe4 Bxf6 39. Bxc6 Bxb2 40. Bxb5 h6 1/2-1/2

[Event "World Rapid 2021"]
[Site "Warsaw POL"]
[Date "2021.12.28"]
[Round "10.50"]
[White "Indjic, Aleksandar"]
[Black "Holm, Kristian Stuvik"]
[Result "1/2-1/2"]
[WhiteTitle "GM"]
[BlackTitle "IM"]
[WhiteElo "2623"]
[BlackElo "2464"]
[WhiteFideId "911925"]
[BlackFideId "1508083"]
[EventDate "2021.12.26"]

1. d4 Nf6 2. Nf3 d5 3. Bf4 e6 4. e3 c5 5. Nbd2 Qb6 6. Rb1 Bd6 7. dxc5 Qxc5 8. c4
Bxf4 9. exf4 O-O 10. Be2 Rd8 11. O-O dxc4 12. Bxc4 Nc6 13. Rc1 Qb4 14. Qb3 Bd7
15. a3 Qxb3 16. Nxb3 Be8 17. g3 Rac8 18. Be2 Kf8 19. Nc5 b6 20. Nb3 Nd5 21. Ba6
Rb8 22. Be2 Rbc8 23. Rfd1 Nb8 24. Nbd4 Nc6 25. Kf1 Nxd4 26. Rxc8 Rxc8 27. Nxd4
Ba4 28. Rd2 Nf6 29. Bf3 Ke7 30. Ke2 h6 31. h4 Rc1 32. g4 Rc5 33. b4 Rc3 34. Rd3
Rxd3 35. Kxd3 Kd6 36. Kc4 Bd7 37. g5 Ne8 38. Kd3 Ke7 39. Bc6 Nd6 40. a4 a6 41.
a5 bxa5 42. bxa5 Kd8 43. Bf3 Kc7 44. Kc3 Nb5+ 45. Nxb5+ Bxb5 46. Bh5 f6 47. Kd4
Kd6 48. Bd1 Bf1 49. Bb3 Be2 50. Ke4 Bb5 51. Kd4 Be2 52. Bc2 Bb5 53. Be4 Be2 54.
Bb7 Bb5 55. Bf3 Bf1 56. Bd1 Bb5 57. Bb3 Be2 58. Ba2 Bf1 1/2-1/2

[Event "World Rapid 2021"]
[Site "Warsaw POL"]
[Date "2021.12.28"]
[Round "10.85"]
[White "Toczek, Grzegorz"]
[Black "Yunusov, Mukhammad"]
[Result "1-0"]
[WhiteTitle "FM"]
[WhiteElo "2290"]
[BlackElo "1874"]
[WhiteFideId "1106457"]
[BlackFideId "14700930"]
[EventDate "2021.12.26"]

1. e4 c5 2. Nf3 d6 3. d4 cxd4 4. Nxd4 Nf6 5. Nc3 Nc6 6. Bg5 Bd7 7. Qd2 Rc8 8. f4
Nxd4 9. Qxd4 Qa5 10. e5 Ng4 11. exd6 Qc5 12. Qxc5 Rxc5 13. dxe7 Bxe7 14. Bxe7
Kxe7 15. Bd3 Bf5 16. Bxf5 Rxf5 17. O-O Rc8 18. Rad1 Kf8 19. Rd4 Ne3 20. Rf2 b5
21. Rf1 Kg8 22. Rf2 Kf8 23. Re2 Nc4 24. b3 Nb6 25. Nd1 Nd5 26. g3 Nb4 27. c3 1-0

[Event "World Rapid 2021"]
[Site "Warsaw POL"]
[Date "2021.12.28"]
[Round "11.69"]
[White "Michalik, Peter"]
[Black "Erigaisi, Arjun"]
[Result "1/2-1/2"]
[WhiteTitle "GM"]
[BlackTitle "GM"]
[WhiteElo "2568"]
[BlackElo "2629"]
[WhiteFideId "14907526"]
[BlackFideId "35009192"]
[EventDate "2021.12.26"]

1. e4 c5 2. Nf3 d6 3. d4 cxd4 4. Nxd4 Nf6 5. Nc3 g6 6. Be3 Bg7 7. f3 O-O 8. Qd2
Nc6 9. O-O-O d5 10. exd5 Nxd5 11. Nxc6 bxc6 12. Bd4 e5 13. Bc5 Re8 14. Ne4 Qc7
15. h4 h6 16. h5 g5 17. Bc4 Be6 18. Bd6 Qb6 19. Bc5 Qc7 20. g4 Red8 21. Qf2 a5
22. a4 Rab8 23. Rd3 f5 24. gxf5 Bxf5 25. Rb3 Rxb3 26. Bxb3 Kh8 27. Kb1 Bh7 28.
Ka2 Qf7 29. Qg3 Qf5 30. Re1 Bg8 31. Qg4 Qf7 32. Ka1 Rb8 33. Nd6 Qe7 34. Ne4 Qd8
35. Qf5 Qe8 36. Qg4 Be6 37. Qg3 Qxh5 38. Bd6 Rxb3 39. cxb3 Nf4 40. Nc5 Bd5 41.
Bxe5 Bxe5 42. Rxe5 Bxf3 43. Qe1 Ne2 44. Qd2 Qh1+ 45. Ka2 Nc1+ 46. Ka3 Nd3 47.
Re8+ Kg7 48. Qc3+ Kf7 49. Rf8+ Kxf8 50. Qf6+ Kg8 51. Qg6+ Kh8 52. Qf6+ Kg8 53.
Qg6+ Kh8 54. Qf6+ 1/2-1/2

[Event "World Rapid 2021"]
[Site "Warsaw POL"]
[Date "2021.12.28"]
[Round "11.75"]
[White "Gajewski, Grzegorz"]
[Black "Dragnev, Valentin"]
[Result "1-0"]
[WhiteTitle "GM"]
[BlackTitle "GM"]
[WhiteElo "2589"]
[BlackElo "2535"]
[WhiteFideId "1116207"]
[BlackFideId "1634852"]
[EventDate "2021.12.26"]

1. c4 c5 2. Nf3 Nf6 3. Nc3 d5 4. cxd5 Nxd5 5. e3 e6 6. Qc2 Be7 7. b3 O-O 8. Bb2
b6 9. Nxd5 exd5 10. d4 Nc6 11. Be2 Be6 12. O-O Rc8 13. Qd2 Bd6 14. Rac1 Qe7 15.
h3 Rfd8 16. Bd3 Nb4 17. Bb1 c4 18. bxc4 dxc4 19. e4 Bd7 20. a3 Nc6 21. Qe3 f6
22. Rxc4 Na5 23. Rxc8 Rxc8 24. Nd2 Be6 25. f4 Nc4 26. Nxc4 Bxc4 27. Rf2 f5 28.
e5 g6 29. Qc3 Bb8 30. d5 Qg7 31. Qd2 Qd7 32. e6 Qxd5 33. Qc3 1-0

[Event "World Rapid 2021"]
[Site "Warsaw POL"]
[Date "2021.12.28"]
[Round "12.24"]
[White "Narayanan, S.L."]
[Black "Ponkratov, Pavel"]
[Result "1/2-1/2"]
[WhiteTitle "GM"]
[BlackTitle "GM"]
[WhiteElo "2658"]
[BlackElo "2641"]
[WhiteFideId "5058422"]
[BlackFideId "4157800"]
[EventDate "2021.12.26"]

1. e4 e6 2. d4 d5 3. Nc3 Bb4 4. e5 c5 5. Bd2 Ne7 6. a3 Bxc3 7. Bxc3 b6 8. h4 Ba6
9. Bxa6 Nxa6 10. h5 h6 11. Nf3 Qd7 12. Qe2 Nc7 13. a4 Nc6 14. Rh4 Qc8 15. Rg4
Rg8 16. Bd2 Ne7 17. Be3 c4 18. c3 Qd7 19. Qc2 O-O-O 20. Kf1 f5 21. exf6 gxf6 22.
Rxg8 Rxg8 23. Bf4 Nf5 24. Re1 Qg7 25. g3 Qg4 26. Ng1 e5 27. dxe5 Ne6 28. Qd1
Nxf4 29. Qxg4 Rxg4 30. exf6 Nd6 31. gxf4 Rxf4 32. Re5 Rxf6 33. Rxd5 Kd7 34. Ne2
Kc6 35. Re5 Nb7 36. Nd4+ Kd6 37. Rf5 Rxf5 38. Nxf5+ Ke6 39. Nxh6 Nc5 40. Ng4
Nxa4 41. h6 Kf7 42. Ne5+ Kf6 43. Nxc4 b5 44. Nd6 Nxb2 45. Nxb5 a6 46. Na3 Kg6
47. c4 Na4 48. Ke2 Kxh6 49. Ke3 Kg5 50. Nc2 Kf6 51. Kd4 Nb6 52. c5 Nc8 53. Kd5
a5 54. Kc6 Ke5 55. Kb5 Kd5 56. Ne3+ Kd4 57. Nc2+ Kd5 58. Na3 Na7+ 59. Kb6 Nc8+
60. Kb5 Na7+ 61. Kb6 Nc8+ 62. Kc7 Ne7 63. Kb6 Nc8+ 1/2-1/2

[Event "World Rapid 2021"]
[Site "Warsaw POL"]
[Date "2021.12.28"]
[Round "12.43"]
[White "Mamedov, Rauf"]
[Black "Samunenkov, Ihor"]
[Result "1-0"]
[WhiteTitle "GM"]
[BlackTitle "FM"]
[WhiteElo "2656"]
[BlackElo "2369"]
[WhiteFideId "13401653"]
[BlackFideId "14187086"]
[EventDate "2021.12.26"]

1. e4 c5 2. Nf3 g6 3. d4 cxd4 4. Nxd4 Nc6 5. Nc3 Bg7 6. Be3 Nf6 7. Bc4 O-O 8.
Bb3 Re8 9. O-O d6 10. h3 Na5 11. Qd2 a6 12. Bh6 b5 13. Bxg7 Kxg7 14. Rfe1 Bb7
15. Qg5 e6 16. a3 Nxb3 17. Nxb3 Rc8 18. Rad1 Qe7 19. Rd3 h6 20. Qe3 Red8 21. Na5
Qc7 22. Nxb7 Qxb7 23. Red1 Qc7 24. Qd4 e5 25. Qb4 Ne8 26. R1d2 Qc4 27. Qa5 Nf6
28. Qxa6 b4 29. Qxc4 Rxc4 30. axb4 Rxb4 31. b3 Nxe4 32. Nxe4 Rxe4 33. Kf1 Ra8
34. Rxd6 Ra1+ 35. Rd1 Ra2 36. Rc6 Rb2 37. g3 h5 38. h4 Ra2 39. Re1 Rd4 40. Rxe5
Rd2 41. Re2 Ra1+ 42. Re1 Ra5 43. Kg1 Rf5 44. Rf1 Re5 45. b4 Ree2 46. b5 Rxc2 47.
Rxc2 Rxc2 48. Rb1 Rc7 49. Kg2 Kf6 50. b6 Rb7 51. Kf3 Ke5 52. Ke3 Kd5 53. Kf4 f6
54. f3 Kc5 55. g4 hxg4 56. fxg4 1-0

[Event "World Rapid 2021"]
[Site "Warsaw POL"]
[Date "2021.12.28"]
[Round "12.68"]
[White "Teclaf, Pawel"]
[Black "Gajewski, Grzegorz"]
[Result "1/2-1/2"]
[WhiteTitle "IM"]
[BlackTitle "GM"]
[WhiteElo "2542"]
[BlackElo "2589"]
[WhiteFideId "1185934"]
[BlackFideId "1116207"]
[EventDate "2021.12.26"]

1. c4 e5 2. d3 Nf6 3. Nf3 Bb4+ 4. Bd2 Bxd2+ 5. Nbxd2 Qe7 6. e3 O-O 7. Be2 d5 8.
cxd5 Nxd5 9. O-O c5 10. Rc1 b6 11. Nc4 Nc6 12. d4 cxd4 13. exd4 e4 14. Nfe5 Nxe5
15. dxe5 Nf4 16. Qd2 Qg5 17. g3 Nxe2+ 18. Qxe2 Bh3 19. Rfe1 b5 20. Nd6 Qxe5 21.
Nxe4 Rfe8 22. Nc3 Qxe2 23. Rxe2 b4 24. Rxe8+ Rxe8 25. Nd5 a5 26. f3 Be6 27. Nc7
Rc8 28. a3 bxa3 29. bxa3 Bb3 30. Kf2 a4 31. Rc3 f6 32. Ke2 Kf7 33. Kd2 g5 34.
Nb5 Rxc3 35. Nxc3 Ke6 36. Ke3 Ke5 37. h4 gxh4 38. gxh4 Kf5 39. Ne2 Bd5 40. Ng3+
Ke5 41. f4+ Kd6 42. Kd4 Bc6 43. Kc4 Ke6 44. Kd4 Bf3 45. Kc5 Bd1 46. Kd4 Bc2 47.
Kc5 Bb3 48. Kd4 Bd1 1/2-1/2

[Event "World Rapid 2021"]
[Site "Warsaw POL"]
[Date "2021.12.28"]
[Round "13.4"]
[White "Gukesh, D"]
[Black "Grischuk, Alexander"]
[Result "1/2-1/2"]
[WhiteTitle "GM"]
[BlackTitle "GM"]
[WhiteElo "2614"]
[BlackElo "2764"]
[WhiteFideId "46616543"]
[BlackFideId "4126025"]
[EventDate "2021.12.26"]

1. d4 Nf6 2. c4 e6 3. Nf3 d5 4. Nc3 Be7 5. Bf4 O-O 6. e3 Nbd7 7. c5 Ne4 8. Nxe4
dxe4 9. Ne5 Nxe5 10. Bxe5 b6 11. Qg4 f6 12. Qxe4 Rb8 13. Bg3 bxc5 14. Bc4 cxd4
15. O-O-O Kh8 16. Qxd4 Qxd4 17. exd4 Rb6 18. Kb1 Bd6 19. Rhe1 Rd8 20. Bb3 Bb7
21. Rxe6 Bxg3 22. hxg3 Rxe6 23. Bxe6 Bxg2 24. Kc2 g6 25. Kc3 Kg7 26. d5 f5 27.
Rd4 Rd6 28. Ra4 Bxd5 29. Bxd5 Rxd5 30. Rxa7 Rc5+ 31. Kd3 g5 32. b4 Rc1 33. Kd2
Rc4 34. Rb7 h5 35. Kd3 Rc1 36. Kd2 Rc4 37. Kd3 Rc1 1/2-1/2

[Event "World Rapid 2021"]
[Site "Warsaw POL"]
[Date "2021.12.28"]
[Round "13.5"]
[White "Vachier-Lagrave, Maxime"]
[Black "Fedoseev, Vladimir3"]
[Result "1/2-1/2"]
[WhiteTitle "GM"]
[BlackTitle "GM"]
[WhiteElo "2761"]
[BlackElo "2704"]
[WhiteFideId "623539"]
[BlackFideId "24130737"]
[EventDate "2021.12.26"]

1. e4 c6 2. d4 d5 3. e5 c5 4. Nf3 cxd4 5. Qxd4 Nc6 6. Qf4 g6 7. Nc3 d4 8. Bc4
Bf5 9. Ne2 Bh6 10. Qh4 Qa5+ 11. c3 Bxc1 12. Rxc1 d3 13. Ned4 Nxe5 14. Bb5+ Bd7
15. Nxe5 Bxb5 16. Rd1 Ba4 17. Qf4 f6 18. Nc4 Qd5 19. b3 e5 20. Qf3 Qxf3 21. Nxf3
Bc6 22. Rxd3 Ne7 23. Rd2 Rd8 24. Nd6+ Kf8 25. O-O Nd5 26. Ne4 Ke7 27. Rfd1 f5
28. c4 Nb4 29. Nd6 Bxf3 30. gxf3 b6 31. Nb5 Rxd2 32. Rxd2 Rd8 33. Rxd8 Kxd8 34.
Nxa7 Kd7 35. a3 Nc2 36. Nb5 Ne1 37. f4 Nf3+ 38. Kg2 e4 39. b4 Nd2 40. c5 bxc5
41. bxc5 Nb3 42. Kf1 Kc6 43. Nd6 Nxc5 44. Nf7 Ne6 45. f3 exf3 46. Kf2 Nxf4 47.
Kxf3 Ne6 48. h4 Kb5 49. h5 Ka4 50. hxg6 hxg6 51. Ne5 g5 52. Nf7 Nd4+ 53. Ke3
Nc2+ 1/2-1/2

[Event "World Rapid 2021"]
[Site "Warsaw POL"]
[Date "2021.12.28"]
[Round "13.81"]
[White "Van Foreest, Lucas"]
[Black "Aditya, Mittal"]
[Result "1-0"]
[WhiteTitle "GM"]
[BlackTitle "IM"]
[WhiteElo "2530"]
[BlackElo "2459"]
[WhiteFideId "1039792"]
[BlackFideId "35042025"]
[EventDate "2021.12.26"]

1. e4 c5 2. c3 d5 3. exd5 Qxd5 4. d4 Nf6 5. Nf3 e6 6. Na3 Nc6 7. Bd3 Qd8 8. Nc2
Be7 9. O-O h6 10. Qe2 O-O 11. dxc5 Bxc5 12. Bf4 Nh5 13. Be3 Bd6 14. Rad1 Qe7 15.
Nfd4 Nxd4 16. Bxd4 Nf4 17. Qd2 Qg5 18. Be4 Qh4 19. Rfe1 Ne2+ 20. Kf1 Qxe4 21.
Rxe2 Qd5 22. Ne3 Qh5 23. h3 Be7 24. Qc2 b6 25. Nf5 Qxf5 26. Qxf5 exf5 27. Rxe7
Be6 28. b3 Rfe8 29. Rxe8+ Rxe8 30. c4 Rd8 31. Ke2 f6 32. Kd3 Kf7 33. Kc3 Rd7 34.
a4 f4 35. f3 g5 36. a5 bxa5 37. Ra1 a6 38. Rxa5 Rd6 39. Rc5 Bd7 40. Rc7 Ke6 41.
Ra7 h5 42. b4 f5 43. Ra8 g4 44. Rh8 Kf7 45. Rxh5 gxf3 46. gxf3 Kg6 47. Rh8 Bc6
48. Be5 Re6 49. Bxf4 Bxf3 50. h4 Kg7 51. Rd8 Be2 52. Bg5 Re4 53. c5 Bb5 54. Rd6
Rc4+ 55. Kb3 Rg4 56. Rb6 f4 57. Rf6 Rg3+ 58. Kc2 f3 59. Kd2 Rg4 60. Ke3 Rxb4 61.
Kxf3 Rc4 62. Rf5 Kg6 63. Re5 a5 64. Bd8 Rc3+ 65. Ke4 Rh3 66. Re6+ Kf7 67. Rb6
Ke8 68. Bg5 Rb3 69. Kf4 Bc4 70. Rd6 Rd3 71. Rb6 Rb3 72. Rh6 Kd7 73. Rd6+ Kc8 74.
h5 Rh3 75. h6 a4 76. Kg4 Rh1 77. Bh4 Rg1+ 78. Kf3 Bg8 79. Rd8+ Kc7 80. Ra8 Bd5+
81. Ke3 Rh1 82. Rxa4 Rh3+ 83. Kf2 Bg8 84. Rg4 Bh7 85. Rg7+ Kc6 86. Rxh7 Rxh4 87.
Rh8 Kxc5 88. h7 Kd5 1-0

[Event "World Rapid 2021"]
[Site "Warsaw POL"]
[Date "2021.12.28"]
[Round "13.85"]
[White "Blanco Acevedo, Cristobal Jose"]
[Black "Yunusov, Mukhammad"]
[Result "1/2-1/2"]
[WhiteTitle "IM"]
[WhiteElo "2304"]
[BlackElo "1874"]
[WhiteFideId "3900525"]
[BlackFideId "14700930"]
[EventDate "2021.12.26"]

1. d4 d5 2. Nf3 Nf6 3. c4 c6 4. e3 a6 5. c5 Bg4 6. Nc3 Nbd7 7. b4 e5 8. h3 Bxf3
9. Qxf3 Be7 10. Bb2 exd4 11. exd4 O-O 12. Bd3 b6 13. O-O a5 14. a3 axb4 15. axb4
bxc5 16. bxc5 Qc7 17. Rfe1 Rxa1 18. Bxa1 Re8 19. Bb2 Bf8 20. Rxe8 Nxe8 21. Bc1
g6 22. Qe2 Nef6 23. Qa2 Qb7 24. Qa6 Qb4 25. Ne2 Qe1+ 26. Kh2 Qxf2 27. Qa5 Ne4
28. Qd8 Nef6 29. Qa5 h5 30. Qd2 Bg7 31. Qf4 Qe1 32. Qe3 Nf8 33. Nf4 Qd1 34. Qd2
Qa4 35. Bc2 Qa1 36. Ne2 Ne4 37. Qb4 Ne6 38. Be3 Qf1 39. Ng1 Qa6 40. Nf3 Bf6 41.
Qb8+ Kg7 42. Bf4 Nxf4 43. Qxf4 Qe2 44. Ba4 Qa6 45. Bc2 Nc3 46. Qe3 Qc4 47. Ne5
Qb4 48. Nxc6 Qb2 49. Qd3 Nb5 50. Bb3 Nxd4 51. Nxd4 Be5+ 52. Kh1 Qc1+ 53. Bd1
Qxc5 54. Nf3 Bf6 55. Ng1 d4 56. Be2 Qc1 57. Qc4 Qe1 58. Qd3 Qa1 59. g3 h4 60.
Kg2 hxg3 61. Qxg3 Qb2 62. Qd3 Qb7+ 63. Bf3 Qb2+ 64. Ne2 Qa1 65. Ng3 Qb2+ 66. Be2
Qb7+ 67. Ne4 Be5 68. Bf3 Qb2+ 69. Nf2 Bf6 70. Be2 Qb7+ 71. Qe4 Qb2 72. Ng4 Bg5
73. Qe5+ Kh7 74. Qxg5 Qxe2+ 75. Kg3 Qe1+ 76. Kf3 Qh1+ 77. Kg3 Qg1+ 78. Kf3 Qh1+
79. Kg3 Qg1+ 80. Kf3 Qh1+ 1/2-1/2